African politics in colonial Kenya : (Record no. 13160)
[ view plain ]
| 000 -LEADER | |
|---|---|
| fixed length control field | 00683nam a22002052 4500 |
| 001 - CONTROL NUMBER | |
| control field | 0000009406 |
| 005 - DATE AND TIME OF LATEST TRANSACTION | |
| control field | 20151217155839.0 |
| 008 - FIXED-LENGTH DATA ELEMENTS--GENERAL INFORMATION | |
| fixed length control field | 081020s xx 000 0 eng d |
| 020 ## - INTERNATIONAL STANDARD BOOK NUMBER | |
| Terms of availability | KES 300 |
| 040 ## - CATALOGING SOURCE | |
| Original cataloging agency | KABU |
| Transcribing agency | KABU |
| 100 1# - MAIN ENTRY--PERSONAL NAME | |
| Personal name | Shiroya, O. J. E. |
| -- | 0000160829 |
| 245 10 - TITLE STATEMENT | |
| Title | African politics in colonial Kenya : |
| Remainder of title | contribution of World War II veterans 1945-1960 / |
| Statement of responsibility, etc. | O. J. E. Shiroya. |
| 260 ## - PUBLICATION, DISTRIBUTION, ETC. (IMPRINT) | |
| Place of publication, distribution, etc. | Nairobi : |
| Name of publisher, distributor, etc. | ERAP, |
| Date of publication, distribution, etc. | 1992. |
| 300 ## - PHYSICAL DESCRIPTION | |
| Extent | 81 p. |
| 650 #0 - SUBJECT ADDED ENTRY--TOPICAL TERM | |
| Topical term or geographic name as entry element | World War, 1939-1945 |
| General subdivision | Veterans |
| Geographic subdivision | Kenya. |
| -- | 0000160830 |
| 651 #0 - SUBJECT ADDED ENTRY--GEOGRAPHIC NAME | |
| Geographic name | Kenya |
| General subdivision | Politics and government |
| Chronological subdivision | To 1963. |
| -- | 0000160831 |
| 908 ## - PUT COMMAND PARAMETER (RLIN) | |
| Put command parameter | 081020 |
| 950 ## - LOCAL HOLDINGS (RLIN) | |
| -- | 1 |
| Withdrawn status | Lost status | Source of classification or shelving scheme | Not for loan | Home library | Current library | Date acquired | Total Checkouts | Full call number | Barcode | Date last seen | Price effective from | Koha item type | Total Renewals | Date last checked out |
|---|---|---|---|---|---|---|---|---|---|---|---|---|---|---|
| Library of Congress Classification | Kabarak, Main Campus | Kabarak, Main Campus | 17/12/2015 | DT433.575 .S45 c. 1 | 15025 | 17/12/2015 | 17/12/2015 | Africana Collection | ||||||
| Library of Congress Classification | Kabarak, Main Campus | Kabarak, Main Campus | 17/12/2015 | 2 | DT433.575 .S45 c. 2 | 34565 | 05/12/2024 | 17/12/2015 | Africana Collection | 1 | 21/11/2024 |